[Event "2017 South African Open Ch"]
[Site "Durban"]
[Date "2017.07.16"]
[Round "4"]
[White "Subke, Jason James"]
[Black "Masango, Spencer"]
[Result "0-1"]
[WhiteElo "1932"]
[BlackElo "2203"]
[Annotator "TA"]
[PlyCount "86"]
[EventDate "2017.??.??"]
[EventCountry "RSA"]
[SourceTitle "playchess.com"]
[Source "ChessBase"]
[SourceQuality "1"]

{[%evp 12,86,26,22,37,6,18,14,29,18,45,-25,11,-56,44,-98,-74,-100,-73,-105,-7,-46,10,0,0,0,100,117,125,87,100,93,97,116,117,104,207,0,0,0,0,0,0,0,0,-16,-20,-20,-25,-180,-168,-350,-326,-227,-212,-211,-218,-299,-289,-323,44,-316,-320,-464,-408,-647,-90,-222,-69,-206,0,-29969,-29970,-29974,-736,-29969,-29969]} 1. e4 e5 2. Bc4 Nc6 3. Nf3 Bc5 4. O-O Nf6 5. d3 d6 6. Bg5 {[%cal Bc1g5,Bg5h4,Bh4g3][%mdl 32]} h6 7. Bh4 {LiveBook: 3 Games} (7. Bxf6 $5 Qxf6 8. Nc3 $11) 7... Bg4 {C50: Hungarian Defence and Giuoco Pianissimo} 8. Nbd2 (8. c3 O-O 9. b4 Bb6 10. Nbd2 g5 11. Bg3 Nh5 12. Kh1 Ng7 13. Bd5 Rb8 14. a4 a5 15. b5 {1-0 (50) Lou,Y (2458)-Mannion,S (2313) Douglas 2016}) 8... g5 9. Bg3 Nh5 {The position is equal.} 10. c3 Qf6 11. b4 ({White should play} 11. Kh1 $14) 11... Bb6 12. a4 ({Better is} 12. Kh1 $11) 12... a6 $146 (12... a5 $15) ({Predecessor:} 12... a5 13. b5 Ne7 14. d4 Ng6 15. Re1 {1-0 (38) Von Hassel,U (2055)-Ledfuss,G (2082) Germany 2014}) 13. Qe2 (13. Kh1 $14 {keeps the upper hand.}) 13... Nxg3 $17 14. hxg3 h5 $1 {[%cal Rh5h4] And now ...h4 would win.} 15. b5 Ne7 (15... Na5 $17 16. bxa6 bxa6) 16. bxa6 (16. a5 $5 {[%cal Ra5b6]} Bc5 17. bxa6 bxa6 18. d4 exd4 19. e5 dxe5 20. Ne4 $16) 16... h4 (16... bxa6 $15 17. a5 Bc5) 17. axb7 Rb8 18. d4 {Threatens to win with a5.} Qh6 (18... hxg3 $1 $11 {remains equal.} 19. a5 (19. fxg3 $2 exd4 20. Bxf7+ Qxf7 $19) 19... Ba7) 19. gxh4 $16 {Hoping for a5.} Ng6 20. Qe3 {aiming for a5.} Nxh4 21. Nxh4 Qxh4 {[%csl Gh8][%cal Rh4h2]} 22. f3 exd4 23. cxd4 Qg3 {[#]} (23... Bh3 $16 24. Rfe1 (24. a5 Bxg2 25. Rad1 Qg3 26. Bb5+ Kf8 27. axb6 Bxf3#) 24... Rxb7) 24. Rf2 $2 (24. Ra2 $1 $18) 24... Qh2+ $40 {[%mdl 128] Black attacks.} 25. Kf1 Qh1+ 26. Ke2 Qxa1 27. fxg4 Qxd4 28. Qxd4 Bxd4 29. Rxf7 {Black must now prevent Nb3.} Rxb7 {Strongly threatening ...Rh2.} 30. Rf5 $2 (30. Nf3 $11 {and White has nothing to worry.} Rb4 31. Bd5) 30... Rb2 $19 {...Bc3 is the strong threat.} 31. Rxg5 $2 (31. Rb5) 31... Bc3 32. Rd5 Rh2 33. Ke3 Rxg2 34. Bb5+ Ke7 35. Nc4 Rg3+ 36. Kf4 {[%mdl 1024] White has compensation.} Rbg2 37. Rg5 (37. g5 {was the only defense.}) 37... Bf6 38. Rg6 (38. Rh5 $142 Ke6 39. Rh6 Rxg4+ 40. Kf3) 38... Rc3 $2 (38... Bh4 $19 {[%cal Rg2f2] and Black stays clearly on top.} 39. Nxd6 cxd6) 39. g5 (39. e5 $17 {only move.} dxe5+ 40. Nxe5) 39... Rf2+ 40. Kg4 {[#]} Rg2+ $2 (40... Bd4 $1 $19 41. e5 Bxe5 42. Nxe5 dxe5) 41. Kh4 $2 {[%mdl 8192]} (41. Kf4 $11 Rf2+ 42. Kg4) 41... Bd4 42. Rh6 Kf7 (42... Rcg3 $142 43. Na5 Rg4+ 44. Kh3 Bg1 45. Nc6+ Kf8 46. Rf6+ Kg7 47. Rf3 Rxg5 48. Rf7+ Kg6 49. Ne5+ dxe5 50. Rg7+ Kxg7 51. Kh4 Rg6 52. Kh5 Rh6#) 43. Rh7+ Kg6 {Precision: White = 30%, Black = 51%.} 0-1

[Event "2017 South African Open Ch"]
[Site "Durban"]
[Date "2017.07.16"]
[Round "4"]
[White "Khumalo, Keith"]
[Black "Govindasamy, Nashlen"]
[Result "1/2-1/2"]
[WhiteElo "1766"]
[BlackElo "2087"]
[Annotator "NA RC"]
[PlyCount "97"]
[EventDate "2017.??.??"]
[EventCountry "RSA"]
[SourceTitle "playchess.com"]
[Source "ChessBase"]
[SourceQuality "1"]
[TimeControl "5400+30"]

{[%evp 12,85,-12,-27,-16,-28,-14,-21,-28,-47,32767,32767,32767,32767,-8,-24,-26,-35,-22,-18,-10,-13,0,-30,-28,-40,-39,-40,-9,-10,-10,-16,-12,-22,-9,-31,-34,-60,32767,32767,32767,32767,32767,32767,32767,32767,-16,-95,-69,32767,32767,32767,32767,32767,32767,32767,32767,32767,32767,32767,32767,32767,32767,32767,0,0,0,0,0,0,0,32767,32767,32767,32767,-216]} 1. Nf3 Nf6 {[%emt 0:01:57]} 2. c4 {[%emt 0:03:41]} c6 {[%emt 0:00:31]} 3. g3 {[%emt 0:00:07]} d5 {[%emt 0:00:08]} 4. Bg2 {[%emt 0:00:27]} e6 {[%emt 0:05:37]} 5. cxd5 {[%emt 0:00:56]} exd5 {[%emt 0:00:14]} 6. d4 {[%emt 0:00:08]} Bd6 {[%emt 0:01:15]} 7. Nc3 {[%emt 0:00:08]} O-O {[%emt 0:00:11]} 8. O-O {[%emt 0:00:06] LiveBook: 20 Games} Nbd7 {[%emt 0:07:15]} 9. a3 {[%emt 0:02:27] D35: Queen's Gambit Declined: Exchange Variation} (9. Qc2 Re8 10. Nh4 Nf8 11. Rd1 Ne6 12. a3 a5 13. Rb1 g6 14. b4 Qe7 15. Qb3 b5 16. e4 dxe4 17. Nxe4 Nxe4 18. Bxe4 {½-½ (56) Sasikiran,K (2643)-Libiszewski,F (2520) Stockholm 2016}) 9... h6 {[%emt 0:00:35]} 10. b4 $146 {[%emt 0:01:44]} ({Predecessor:} 10. Nd2 Re8 11. e4 dxe4 12. Ndxe4 Nxe4 13. Nxe4 Nf6 14. Nxd6 Qxd6 15. Be3 Nd5 16. Qb3 Re7 17. Bxd5 Qxd5 18. Qxd5 cxd5 19. Rac1 Be6 20. Rc3 Rc8 {½-½ (20) Heyne,W (1474)-Schubert,H (1505) Teisnach 2009}) 10... a6 {[%emt 0:00:28]} 11. Nd2 {[%emt 0:00:12]} Re8 {[%emt 0:01:00]} 12. e4 {[%emt 0:00:09]} dxe4 {[%emt 0:09:22]} 13. Ndxe4 {[%emt 0:00:29]} Nxe4 {[%emt 0:00:19]} 14. Nxe4 {[%emt 0:00:06]} Nf6 {[%emt 0:09:50]} 15. Nc5 {[%emt 0:01:55]} Qc7 {[%emt 0:33:47]} 16. Qc2 {[%emt 0:00:53]} Be6 {[%emt 0:01:09]} 17. Re1 {[%emt 0:02:22]} Bd5 {[%emt 0:01:06]} 18. Bd2 {[%emt 0:00:10]} Bxg2 {[%emt 0:01:31]} 19. Kxg2 {[%emt 0:00:02]} Bxc5 {[%emt 0:01:20]} 20. dxc5 {[%emt 0:00:08]} Qd7 {[%emt 0:02:49]} 21. Bc3 {[%emt 0:01:25]} Nd5 {[%emt 0:01:42]} 22. Bb2 {[%emt 0:00:04]} Qg4 {[%emt 0:05:17]} 23. Qd2 {[%emt 0:01:20]} f6 {[%emt 0:08:22]} 24. Qd4 {[%emt 0:02:56]} Qxd4 {[%emt 0:00:14]} 25. Bxd4 {[%emt 0:00:02]} Kf7 {[%emt 0:00:13]} 26. Rxe8 {[%emt 0:00:44]} Rxe8 {[%emt 0:00:03]} 27. Rb1 {[%emt 0:01:07]} Re4 {[%emt 0:00:17]} 28. Bb2 {[%emt 0:00:24]} Ke6 {[%emt 0:01:26]} ({Better is} 28... Re2 $17) 29. Kf1 {[%emt 0:00:11]} (29. Kf3 $11 Kf5 30. h3) 29... h5 {[%emt 0:01:43]} 30. Re1 {[%emt 0:00:22]} Rxe1+ {[%emt 0:00:12]} 31. Kxe1 {[%emt 0:00:01]} a5 {[%emt 0:00:11]} 32. bxa5 {[%emt 0:00:20]} Nc7 {[%emt 0:00:32]} 33. f3 {[%emt 0:03:30]} Na6 {[%emt 0:00:19]} 34. Ke2 {[%emt 0:00:46]} Nxc5 {[%emt 0:00:28]} 35. Ke3 {[%emt 0:00:15]} Kd5 {[%emt 0:00:57]} 36. g4 {[%emt 0:00:05]} hxg4 {[%emt 0:00:15]} 37. fxg4 {[%emt 0:00:02]} Ne6 {[%emt 0:02:15]} 38. h4 {[%emt 0:00:26]} c5 {[%emt 0:00:29]} 39. h5 {[%emt 0:00:26]} Ng5 {[%emt 0:03:49]} 40. Kf4 {[%emt 0:00:35]} Ke6 {[%emt 0:00:12]} 41. Bc1 {[%emt 0:01:27]} Nf7 {[%emt 0:00:24]} 42. Be3 {[%emt 0:00:18]} Ne5 {[%emt 0:00:50]} 43. Ke4 $19 {[%emt 0:02:26]} (43. Bg1 $11 {and White is okay.}) 43... Nxg4 {[%emt 0:00:49]} 44. Bxc5 {[%emt 0:00:06]} Ne5 {[%emt 0:00:28]} 45. Bf8 {[%emt 0:00:32]} Kf7 {[%emt 0:00:22]} 46. Bb4 {[%emt 0:01:20]} Ke6 {[%emt 0:00:15]} 47. Bf8 {[%emt 0:00:07]} Kf7 {[%emt 0:00:03]} 48. Bb4 {[%emt 0:00:07]} Ke6 {[%emt 0:01:03]} 49. Bf8 {[%emt 0:00:02]} 1/2-1/2

[Event "2017 South African Open Ch"]
[Site "Durban"]
[Date "2017.07.16"]
[Round "4"]
[White "Kabi, Thato"]
[Black "Bhawoodien, Shabir Hussain"]
[Result "0-1"]
[WhiteElo "1752"]
[BlackElo "2066"]
[Annotator "NA RC"]
[PlyCount "74"]
[EventDate "2017.??.??"]
[EventCountry "RSA"]
[SourceTitle "playchess.com"]
[Source "ChessBase"]
[SourceQuality "1"]
[TimeControl "5400+30"]

{[%evp 10,72,2,10,32767,32767,32767,32767,32767,0,0,-1,3,-35,-10,-47,-41,-38,-43,-39,-39,-85,-75,-87,-81,-95,-88,-98,-95,-103,-99,-109,-95,-95,-101,-114,-103,-202,-202,-214,-213,-651,-710,32767,32767,32767,-823,-780,-922,-944,-891,-1005,-1117,-916,-1165,32767,32767,32767,32767,32767,32767,32767,32767,-1434,-5306]} 1. e4 {[%emt 0:00:00]} e5 {[%emt 0:10:50]} 2. d4 {[%emt 0:00:17]} Nc6 {[%emt 0:00:19]} 3. Nf3 {[%emt 0:00:10]} exd4 {[%emt 0:00:02]} 4. Bc4 {[%emt 0:00:10]} Bc5 {[%emt 0:00:55]} 5. c3 {[%emt 0:00:41]} Nf6 {[%emt 0:06:01]} 6. cxd4 {[%emt 0:00:24]} (6. e5 $5 {[%cal Re5f6]} d5 7. exf6 dxc4 8. fxg7 $11) 6... Bb4+ {[%emt 0:00:03]} 7. Bd2 {[%emt 0:00:24]} Bxd2+ {[%emt 0:00:57]} 8. Nbxd2 {[%emt 0:00:15]} d5 {[%emt 0:00:04]} 9. exd5 {[%emt 0:08:40]} Nxd5 {[%emt 0:00:57]} 10. O-O {[%emt 0:03:11]} O-O {[%emt 0:00:07] LiveBook: 91 Games} 11. a3 {[%emt 0:02:48] C54: Giuoco Piano: 4 c3 Nf6, main lines with 5 d4 and 5 d3} (11. Rc1 Nb6 12. Bb3 a5 13. a3 a4 14. Ba2 Nxd4 15. Nxd4 Qxd4 16. Rxc7 Qxb2 17. Nc4 Nxc4 18. Bxc4 Qf6 19. Re1 {½-½ (30) Ma,Q (2637)-Wei,Y (2728) Beijing 2017}) 11... Nb6 {[%emt 0:00:48]} 12. Bd3 {[%emt 0:05:42]} Nxd4 {[%emt 0:00:27]} 13. Nxd4 {[%emt 0:01:13]} Qxd4 {[%emt 0:00:04]} 14. Qc2 {[%emt 0:00:33]} h6 {[%emt 0:03:11]} 15. Rad1 $146 {[%emt 0:01:50]} ({Predecessor:} 15. Nb3 Qf4 16. Rfe1 c6 17. Nc5 Nd5 18. b4 b6 {0-1 (33) Modallal,T (1992)-Mirzoev,A (2558) Beirut 2015}) 15... Bg4 {[%emt 0:04:08]} 16. Nf3 {[%emt 0:14:56]} Qf6 {[%emt 0:00:21]} 17. Be4 {[%emt 0:02:21]} c6 {[%emt 0:00:08]} 18. Rfe1 {[%emt 0:02:29]} Rfe8 {[%emt 0:01:56]} 19. h3 {[%emt 0:01:30]} Be6 {[%emt 0:03:46]} 20. Rd6 {[%emt 0:14:16]} Rad8 {[%emt 0:02:52]} 21. Rxd8 {[%emt 0:03:53]} Rxd8 {[%emt 0:02:09]} 22. b4 {[%emt 0:03:11]} Nd5 {[%emt 0:06:34]} 23. b5 {[%emt 0:09:05]} (23. Qc5 $17 {might work better.}) 23... cxb5 {[%emt 0:03:37]} 24. Qc5 {[%emt 0:01:17]} a6 {[%emt 0:02:24]} 25. Nd4 $2 {[%emt 0:01:03]} (25. Ne5) 25... b6 {[%emt 0:02:11]} 26. Nxe6 {[%emt 0:02:57]} bxc5 {[%emt 0:00:07]} 27. Nxd8 {[%emt 0:00:02]} Qxd8 {[%emt 0:01:30]} 28. Rd1 {[%emt 0:00:10]} Qa5 {[%emt 0:00:51]} 29. Bxd5 {[%emt 0:01:31]} Qxa3 {[%emt 0:00:23]} 30. g3 {[%emt 0:02:35]} c4 {[%emt 0:00:44]} 31. Be4 {[%emt 0:00:51]} Qe7 {[%emt 0:02:24]} 32. Re1 {[%emt 0:01:25]} g6 {[%emt 0:00:10]} 33. Kf1 {[%emt 0:00:20]} Qc5 {[%emt 0:00:03]} 34. Bb7 {[%emt 0:00:47]} a5 {[%emt 0:00:13]} 35. Re8+ {[%emt 0:00:36]} Kg7 {[%emt 0:00:09]} 36. Rc8 {[%emt 0:00:39] [#]} Qxc8 $19 {[%emt 0:00:43]} 37. Bxc8 {[%emt 0:00:28]} a4 0-1

[Event "2017 South African Open Ch"]
[Site "Durban"]
[Date "2017.07.16"]
[Round "4"]
[White "Pather, Sachen"]
[Black "Pon, Matt"]
[Result "0-1"]
[WhiteElo "1406"]
[BlackElo "2163"]
[Annotator "TA"]
[PlyCount "42"]
[EventDate "2017.??.??"]
[EventCountry "RSA"]
[SourceTitle "playchess.com"]
[Source "ChessBase"]
[SourceQuality "1"]

{[%evp 27,42,25,35,0,0,-425,-427,-396,-270,-579,-705,-1032,-1004,-2918,-2770,-5781,-4028]} 1. e4 e6 2. d4 d5 3. Nc3 Bb4 4. e5 c5 5. a3 Bxc3+ 6. bxc3 Ne7 7. Qg4 Qc7 8. Qxg7 Rg8 9. Qxh7 cxd4 10. Ne2 Nbc6 11. f4 dxc3 12. Qd3 d4 13. Nxd4 Nxd4 14. Qxd4 Bd7 {LiveBook: 115 Games} 15. h4 {C18: French: 3 Nc3 Bb4: Main line: 7 h4 and 7 Qg4} (15. Rg1 Nf5 16. Qf2 Qc6 17. g4 Qe4+ 18. Qe2 Qd5 19. Bg2 Qc5 20. Qf2 Nd4 21. Be4 O-O-O 22. Be3 Bc6 23. Bd3 {½-½ (37) Vachier Lagrave,M (2775)-Radjabov,T (2731) Tbilisi 2015}) 15... Nf5 16. Qd3 $2 {[%mdl 8192] [#]} (16. Qf2 $1 $11) 16... Rg3 $19 17. Qe2 $146 ({Predecessor:} 17. Qc4 Bc6 18. Rh3 Qe7 19. Rxg3 Qxh4 20. Qxc3 Nxg3 21. Bd2 Nxf1+ 22. Kxf1 Qh1+ {1-0 (56) Olesen,M (2380)-Petersen,P (2215) Copenhagen 1992}) 17... Ba4 18. Qe4 $2 (18. Rb1 {is a better chance.} Nd4 19. Qc4 Qxc4 20. Bxc4 Rxg2 21. Rh3) 18... Bc6 {Black is clearly winning.} 19. Qc4 O-O-O 20. Rh3 Rxh3 21. gxh3 Qe7 0-1

[Event "2017 South African Open Ch"]
[Site "Durban"]
[Date "2017.07.16"]
[Round "5"]
[White "Jere, Daniel"]
[Black "Goosen, Anton"]
[Result "1-0"]
[WhiteElo "2380"]
[BlackElo "2004"]
[Annotator "NA"]
[PlyCount "31"]
[EventDate "2017.??.??"]
[EventCountry "RSA"]
[SourceTitle "playchess.com"]
[Source "ChessBase"]
[SourceQuality "1"]
[TimeControl "5400+30"]

1. c4 {[%emt 0:00:00]} c6 {[%emt 0:00:00]} 2. g3 {[%emt 0:00:00]} d5 {[%emt 0:00:00]} 3. Bg2 {[%emt 0:00:02]} Nf6 {[%emt 0:00:01]} 4. Nf3 {[%emt 0:00:16]} Bf5 {[%emt 0:00:20]} 5. cxd5 {[%emt 0:01:27]} cxd5 {[%emt 0:00:02]} 6. Qb3 {[%emt 0:00:08]} Qc7 {[%emt 0:01:21]} 7. Nc3 {[%emt 0:00:12]} e6 {[%emt 0:00:24]} 8. d3 {[%emt 0:00:08]} Na6 {[%emt 0:16:05]} 9. Bf4 {[%emt 0:00:45]} Bd6 {[%emt 0:06:40]} 10. Qa4+ {[%emt 0:01:45]} Kd8 {[%emt 0:39:30]} 11. Nb5 {[%emt 0:01:39]} Bb4+ {[%emt 0:13:36]} 12. Qxb4 {[%emt 0:00:19]} Nxb4 {[%emt 0:00:01]} 13. Bxc7+ {[%emt 0:00:15]} Kd7 {[%emt 0:00:03]} 14. Ne5+ {[%emt 0:00:08]} Kc8 {[%emt 0:03:16]} 15. Rc1 {[%emt 0:00:18]} Nxa2 {[%emt 0:00:04]} 16. Nd6# {[%emt 0:00:04]} 1-0

[Event "2017 South African Open Ch"]
[Site "Durban"]
[Date "2017.07.16"]
[Round "5"]
[White "Mwali, Chitumbo"]
[Black "Bhawoodien, Mohamed Ozayr"]
[Result "1-0"]
[WhiteElo "2356"]
[BlackElo "2103"]
[Annotator "NA"]
[PlyCount "47"]
[EventDate "2017.??.??"]
[EventCountry "RSA"]
[SourceTitle "playchess.com"]
[Source "ChessBase"]
[SourceQuality "1"]
[TimeControl "5400+30"]

1. c4 e5 {[%emt 0:05:33]} 2. g3 {[%emt 0:00:02]} Nf6 {[%emt 0:00:23]} 3. Bg2 {[%emt 0:00:13]} c6 {[%emt 0:00:08]} 4. d4 {[%emt 0:00:56]} Bb4+ {[%emt 0:00:36]} 5. Bd2 {[%emt 0:00:17]} Bxd2+ {[%emt 0:00:08]} 6. Qxd2 {[%emt 0:00:03]} d6 {[%emt 0:00:09]} 7. Nc3 {[%emt 0:03:41]} O-O {[%emt 0:00:07]} 8. e3 {[%emt 0:00:10]} Be6 {[%emt 0:02:16]} 9. b3 {[%emt 0:07:22]} exd4 {[%emt 0:00:48]} 10. Qxd4 {[%emt 0:00:46]} d5 {[%emt 0:01:14]} 11. cxd5 {[%emt 0:00:52]} Nxd5 {[%emt 0:00:06]} 12. Nxd5 {[%emt 0:00:25]} Bxd5 {[%emt 0:00:11]} 13. Bxd5 {[%emt 0:00:25]} cxd5 {[%emt 0:00:09]} 14. Nf3 {[%emt 0:08:30]} Nc6 {[%emt 0:00:09]} 15. Qf4 {[%emt 0:00:15]} Qa5+ {[%emt 0:04:43]} 16. Kf1 {[%emt 0:00:07]} Nb4 {[%emt 0:06:56]} 17. Nd4 {[%emt 0:06:09]} Rac8 {[%emt 0:12:41]} 18. Kg2 {[%emt 0:03:07]} Nc2 {[%emt 0:06:38]} 19. Nf5 {[%emt 0:12:33]} Nxa1 {[%emt 0:01:21]} 20. Qg4 {[%emt 0:07:07]} Qc3 {[%emt 0:01:23]} 21. Rc1 {[%emt 0:00:12]} Qf6 {[%emt 0:01:04]} 22. Rxc8 {[%emt 0:04:01]} h6 {[%emt 0:09:33]} 23. Rc1 {[%emt 0:05:20]} h5 {[%emt 0:03:41]} 24. Qf3 1-0

[Event "2017 South African Open Ch"]
[Site "Durban"]
[Date "2017.07.16"]
[Round "5"]
[White "Masango, Spencer"]
[Black "Grover, Sahaj"]
[Result "0-1"]
[WhiteElo "2203"]
[BlackElo "2484"]
[Annotator "TA"]
[PlyCount "58"]
[EventDate "2017.??.??"]
[EventCountry "RSA"]
[SourceTitle "playchess.com"]
[Source "ChessBase"]
[SourceQuality "1"]

{[%evp 21,58,-26,-29,-39,-25,-65,-60,-75,-69,-112,-110,-114,-100,-140,-134,-216,-224,-349,-350,-350,-337,-330,-239,-363,-241,-382,-370,-420,-339,-345,-339,-330,-337,-445,-426,-634,-592,-3219,-2966]} 1. Nf3 c5 2. g3 Nc6 3. Bg2 g6 4. c4 Bg7 5. O-O d6 6. Nc3 e6 7. a3 Nge7 8. Rb1 O-O 9. b4 b6 10. bxc5 dxc5 11. Bb2 {A37: Symmetrical English vs ...g6: 4 Bg2 Bg7 5 Nf3} Bb7 {LiveBook: 11 Games} 12. Qc2 (12. d3 Qd7 13. Qc2 Rad8 14. Rfd1 {0-1 (39) Neiksans,A (2581)-Kantans,T (2490) Liepaja 2017}) 12... Qd7 13. Ne4 {Black has an edge.} e5 {[%cal Be6e5,Be5d4][%mdl 32]} 14. d3 $146 ({Predecessor:} 14. e3 f5 {1-0 (57) Csaba,A (2230)-Morvay,M (2265) Hungary 1995}) 14... f5 {[%cal Bf7f5,Bf5f4][%mdl 32]} 15. Nc3 Nd4 16. Nxd4 exd4 17. Bxb7 Qxb7 18. Na4 (18. Nd5 $17) 18... f4 $19 19. Rbe1 (19. Nxc5 $142 bxc5 {[#]} 20. Bxd4 $1 {[%mdl 512]}) 19... Qd7 20. Bc1 g5 {[%cal Bg6g5,Bg5g4][%mdl 32]} 21. Kg2 Ng6 (21... fxg3 22. fxg3 h6 23. Nb2 $17) 22. Nb2 (22. f3 {might work better.}) 22... Rae8 {[%cal Ba8e8,Be8e6,Be6g6][%mdl 32]} (22... fxg3 23. fxg3 Rae8 24. Rxf8+ Rxf8 25. Nd1 $17) 23. Nd1 (23. f3 {was the only chance.}) 23... Qc6+ (23... fxg3 24. fxg3 Rxf1 25. Rxf1 $17) 24. f3 g4 {[#] aiming for ...fxg3.} 25. Bxf4 Nxf4+ 26. gxf4 Rxf4 {...gxf3+ is the strong threat.} 27. Kg1 Re6 {Black is clearly winning.} ({Not} 27... gxf3 28. exf3 Rxe1 29. Rxe1 $19) 28. Nf2 (28. Kh1 $142 Rg6 29. Rf2) 28... gxf3 {( -> ...Rg6+)} 29. exf3 Rg6+ {Precision: White = 33%, Black = 82%.} 0-1

[Event "2017 South African Open Ch"]
[Site "Durban"]
[Date "2017.07.16"]
[Round "5"]
[White "Oatlhotse, Providence"]
[Black "Makoto, Rodwell"]
[Result "1/2-1/2"]
[WhiteElo "2190"]
[BlackElo "2372"]
[Annotator "NA"]
[PlyCount "37"]
[EventDate "2017.??.??"]
[EventCountry "RSA"]
[SourceTitle "playchess.com"]
[Source "ChessBase"]
[SourceQuality "1"]
[TimeControl "5400+30"]

1. d4 {[%emt 0:00:00]} Nf6 {[%emt 0:00:05]} 2. c4 {[%emt 0:00:00]} g6 {[%emt 0:00:44]} 3. Nf3 {[%emt 0:00:04]} Bg7 {[%emt 0:00:07]} 4. Nc3 {[%emt 0:00:06]} d5 {[%emt 0:00:04]} 5. cxd5 {[%emt 0:00:07]} Nxd5 {[%emt 0:00:05]} 6. Qb3 {[%emt 0:00:04]} Nxc3 {[%emt 0:03:01]} 7. bxc3 {[%emt 0:00:16]} O-O {[%emt 0:00:09]} 8. e3 {[%emt 0:01:23]} c5 {[%emt 0:00:48]} 9. Be2 {[%emt 0:00:17]} Qc7 {[%emt 0:08:26]} 10. O-O {[%emt 0:02:07]} Nd7 {[%emt 0:00:55]} 11. a4 {[%emt 0:02:49]} Nf6 {[%emt 0:01:02]} 12. Ba3 {[%emt 0:00:57]} b6 {[%emt 0:02:36]} 13. a5 {[%emt 0:01:46]} Be6 {[%emt 0:01:13]} 14. Qb2 {[%emt 0:17:35]} Rab8 {[%emt 0:11:34]} 15. axb6 {[%emt 0:05:48]} axb6 {[%emt 0:00:04]} 16. Bb5 {[%emt 0:02:14]} Ne4 {[%emt 0:01:17]} 17. Nd2 {[%emt 0:08:02]} Nd6 {[%emt 0:03:40]} 18. Be2 {[%emt 0:00:45]} Bd5 {[%emt 0:02:15]} 19. Bf3 {[%emt 0:05:37]} 1/2-1/2

[Event "2017 South African Open Ch"]
[Site "Durban"]
[Date "2017.07.16"]
[Round "5"]
[White "Pon, Matt"]
[Black "Kobese, Watu"]
[Result "1-0"]
[WhiteElo "2163"]
[BlackElo "2367"]
[Annotator "NA"]
[PlyCount "63"]
[EventDate "2017.??.??"]
[EventCountry "RSA"]
[SourceTitle "playchess.com"]
[Source "ChessBase"]
[SourceQuality "1"]
[TimeControl "5400+30"]

1. Nf3 {[%emt 0:00:00]} d5 {[%emt 0:00:27]} 2. g3 {[%emt 0:00:20]} Nc6 {[%emt 0:00:49]} 3. c4 {[%emt 0:01:16]} Nf6 {[%emt 0:02:57]} 4. Bg2 {[%emt 0:02:10]} e5 {[%emt 0:00:53]} 5. cxd5 {[%emt 0:01:01]} Nxd5 {[%emt 0:00:09]} 6. d3 {[%emt 0:00:39]} Be7 {[%emt 0:00:23]} 7. O-O {[%emt 0:01:46]} O-O {[%emt 0:02:16]} 8. Nc3 {[%emt 0:01:50]} Nb6 {[%emt 0:00:08]} 9. Bd2 {[%emt 0:02:50]} Re8 {[%emt 0:00:31]} 10. Rc1 {[%emt 0:03:44]} Bf8 {[%emt 0:00:34]} 11. Ne4 {[%emt 0:09:51] A29: English Opening: Four Knights Variation with 4 g3} (11. a3 Nd4 12. Ne4 c6 13. Nc5 Bxc5 14. Rxc5 Bg4 15. Re1 Bxf3 16. exf3 Nd5 17. b4 Qd7 18. Re4 f5 19. Re1 {1-0 (50) Dvalishvili,P (2440)-Iljiushenok,I (2491) Moscow 2015}) 11... Nd4 {[%emt 0:03:12]} 12. Nxd4 exd4 {[%emt 0:00:46]} 13. e3 $146 {[%emt 0:07:15]} ({Predecessor:} 13. Re1 Be6 14. Ng5 Bd5 15. Bxd5 Nxd5 16. Qb3 b6 17. Rc6 Bc5 18. Qc4 Qd7 19. Rxc5 bxc5 20. Qxc5 {0-1 (85) Hernando Pertierra,J (2383)-Alvarez Abejon,A (2038) Madrid 2011}) 13... c6 {[%emt 0:13:36]} 14. exd4 {[%emt 0:06:20]} Qxd4 {[%emt 0:05:01]} 15. Bc3 {[%emt 0:01:35]} Qd8 {[%emt 0:04:00]} 16. Qf3 {[%emt 0:10:08]} f5 {[%emt 0:09:55]} 17. Nd2 {[%emt 0:01:40]} Na4 {[%emt 0:00:19]} 18. Nb3 {[%emt 0:03:31]} Nxc3 {[%emt 0:03:31]} 19. bxc3 {[%emt 0:01:00]} g6 {[%emt 0:00:39]} 20. d4 {[%emt 0:01:36]} a5 {[%emt 0:04:21]} 21. d5 {[%emt 0:01:31]} c5 {[%emt 0:03:25]} 22. Nd2 {[%emt 0:01:38]} Bh6 {[%emt 0:01:49]} 23. Rcd1 {[%emt 0:00:44]} Bd7 {[%emt 0:04:05]} 24. d6 {[%emt 0:04:56]} Ba4 {[%emt 0:16:00]} 25. Qd5+ {[%emt 0:12:49]} Kf8 {[%emt 0:01:44]} 26. Nb3 {[%emt 0:02:10]} Bg7 {[%emt 0:04:16]} 27. Nxc5 {[%emt 0:03:06]} Bxd1 {[%emt 0:01:26]} 28. Rxd1 {[%emt 0:00:27]} Bxc3 $2 {[%emt 0:07:26]} (28... Re5) 29. Nxb7 $2 {[%emt 0:05:38]} (29. Qxb7 Qc8 30. Qxh7 Qxc5 31. Bd5 Qxd5 32. Rxd5) 29... Qf6 {[%emt 0:05:04]} 30. d7 {[%emt 0:01:19]} Red8 {[%emt 0:00:19]} 31. Nc5 $18 {[%emt 0:03:09]} Ra6 {[%emt 0:01:02]} 32. Nxa6 1-0